Southville International School and Colleges
Your cart is empty.
  • Cart
  • Lists
    Public lists Eva Luna New books Lux_list list_1
    Your lists Log in to create your own lists
  • Log in to your account
  • Your cookies
  • Search history
Southville International School and Colleges
  • Advanced search
  • Recent comments
  • Most popular
  • Libraries

Log in to your account

Log in with GOOGLE


If you do not have an external account, but do have a local account, you can still log in:

  1. Home
  2. MARC view: 100 events that shaped world history /
Normal view MARC view ISBD view

100 events that shaped world history / (Record no. 9383)

[ view plain ]
MARC details
000 -LEADER
fixed length control field 00907cam a2200301 a 4500
001 - CONTROL NUMBER
control field 4417736
003 - CONTROL NUMBER IDENTIFIER
control field OST
005 - DATE AND TIME OF LATEST TRANSACTION
control field 20140310182110.0
008 - FIXED-LENGTH DATA ELEMENTS--GENERAL INFORMATION
fixed length control field 930726s1993 caua 001 0 eng d
010 ## - LIBRARY OF CONGRESS CONTROL NUMBER
LC control number 93070833
020 ## - INTERNATIONAL STANDARD BOOK NUMBER
International Standard Book Number 8174390189
035 ## - SYSTEM CONTROL NUMBER
System control number (OCoLC)28959521
040 ## - CATALOGING SOURCE
Original cataloging agency OCo
Transcribing agency OCo
Modifying agency O
-- DLC
042 ## - AUTHENTICATION CODE
Authentication code lccopycat
050 00 - LIBRARY OF CONGRESS CALL NUMBER
Classification number D 21.3
Item number .Y45 1996
082 00 - DEWEY DECIMAL CLASSIFICATION NUMBER
Classification number HS 909
Item number YEN 1996
100 1# - MAIN ENTRY--PERSONAL NAME
Personal name Yenne, Bill,
Dates associated with a name 1949-
9 (RLIN) 13421
245 10 - TITLE STATEMENT
Title 100 events that shaped world history /
Statement of responsibility, etc Bill Yenne.
246 3# - VARYING FORM OF TITLE
Title proper/short title One hundred events that shaped world history
260 ## - PUBLICATION, DISTRIBUTION, ETC. (IMPRINT)
Place of publication, distribution, etc San Francisco, CA :
Name of publisher, distributor, etc Bluewood Books,
Date of publication, distribution, etc 1993.
300 ## - PHYSICAL DESCRIPTION
Extent 112 p. :
Other physical details ill. ;
Dimensions 23 cm.
500 ## - GENERAL NOTE
General note Includes index.
650 #0 - SUBJECT ADDED ENTRY--TOPICAL TERM
Topical term or geographic name as entry element History
Form subdivision Miscellanea.
9 (RLIN) 13422
906 ## - LOCAL DATA ELEMENT F, LDF (RLIN)
a 7
b cbc
c copycat
d 2
e opcn
f 19
g y-gencatlg
942 ## - ADDED ENTRY ELEMENTS (KOHA)
Source of classification or shelving scheme Library of Congress Classification
Koha item type
Holdings
Withdrawn status Lost status Source of classification or shelving scheme Damaged status Home library Current library Shelving location Date acquired Total Checkouts Total Renewals Full call number Barcode Date last seen Date checked out Copy number Price effective from Koha item type
    Library of Congress Classification   Luxembourg Library Luxembourg Library High School Section 08/24/2013 4 7 D 21.3 .Y45 1996 5241 07/27/2017 07/01/2016 1 08/24/2013 Books

100 events that shaped world history /

APA

Yenne B., . (1993). 100 events that shaped world history. San Francisco, CA: Bluewood Books.

Chicago

Yenne Bill, . 1993. 100 events that shaped world history. San Francisco, CA: Bluewood Books.

Harvard

Yenne B., . (1993). 100 events that shaped world history. San Francisco, CA: Bluewood Books.

MLA

Yenne Bill, . 100 events that shaped world history. San Francisco, CA: Bluewood Books. 1993.

  • Place hold
  • Print
  • Cite
  • Add to your cart (remove)
  • Save record
    BIBTEX Dublin Core MARCXML MARC (non-Unicode/MARC-8) MARC (Unicode/UTF-8) MARC (Unicode/UTF-8, Standard) MODS (XML) RIS
  • More searches
    Search for this title in:
    Other Libraries (WorldCat) Other Databases (Google Scholar) Online Stores (Bookfinder.com) Open Library (openlibrary.org)

Exporting to Dublin Core...

SOUTHVILLE LIBRARY

Southville International School and Colleges Library

1281 Tropical Ave. Cor. Luxembourg St., BF Homes International, Las Pinas City

Tel. No. 8256374 / 252358 Loc. 117/146

Powered by Koha